000 00603cam a2200241 4500
001 B1707
008 090401t xxu||||| |||| 00| 0 eng d
035 _a(Sirsi) u45903
041 _aeng
050 _a332.6324
110 _aEdward Erdman
_92048
245 _aInvestment commentary. - Spring 1988 -
260 _aLondon
_bEdward Erdman
_c1988 -
300 _a1v. (loose-leaf) ; 30cm.
350 _a0
520 _aPublished three times a year.
650 _aINDUSTRIAL PROPERTY
650 _aOFFICES
650 _aPROPERTY INVESTMENT
650 _aSHOPS
942 _n0
948 _c04/03/1997
999 _c91844
_d91844